00848nam a22001697a 4500003000900000008004100009040007100050082001800121100001700139245024200156260002500398300002700423505012700450650003400577650003800611650002900649AR-CdUCM190313b ||||| |||| 00| 0 spa d aMUNICIPALIDAD PROVINCIAL DEL CUSCOcBIBLIOTECA MUNICIPAL DEL CUSCO a353.52 /bV2A aValle, M. M. aRestauración de las Cuatro Divisiones Políticas del Perú: Región Amazónica, Costeña, Andina Templada y Andina de Puna : bOficinas Regionales: Posibilidad y Utilidad / El problema de la Inmigración con Relación al Clima  aLima :bLumenc1948. a23 páginas ;c25 cm. aContenido: Lineas isotérmicas en el Perú -- Cuatro divisiones políticas -- Peligro del regionalismo ecológico ...  aProblema de la inmigración  aDivisión política del Perú  aRegionalismo ecológico